Länder Asiens mit Lateinischer Schrift - Statistiken

Allgemein
  • Dieses Quiz wurde 86 mal gespielt
    68 seit der letzten Aktualisierung
  • Das Durchschnittsergebnis liegt bei 9 aus 12
Antworten auf der Karte
Die Antworten werden auf der Karte rot bzw. grün angezeigt, abhängig davon wie oft sie richtig erraten wurden.
 
Antwortstatistiken
Land % Korrekt
Indonesien
94%
Philippinen
90%
Türkei
89%
Malaysia
87%
Indien
86%
Singapur
84%
Zypern
83%
Aserbaidschan
75%
Pakistan
73%
Osttimor
65%
Vietnam
59%
Turkmenistan
54%
Keine übereinstimmenden Quizze gefunden
Verteilung der Resultate
Anzahl Personen mit jedem Resultat
Perzentil nach korrekt beantworteten Fragen
Ihre Resultats-Entwicklung
Sie haben dieses Quiz seit der letzten Aktualisierung nicht gespielt